000 00606nam a22001697a 4500
003 OSt
005 20171010095523.0
008 120816t xxu||||| |||| 00| 0 eng d
040 _aMMSU
_cULS
100 _aBalguna, Clarita C.
_912234
245 _aWork ethic of implements and the social impact of the nonformal education program in Region I
_cClarita C. Balguna
260 _c1992
300 _axx, 167 leaves
_c28 cm.
500 _aThesis (Ed.D. Educational Management) -- Mariano Marcos State University-Graduate School, Laoag City
504 _aBibliography: leaves 131-137
942 _2ddc
_cTHEDIS
999 _c9767
_d9767